LEADER 01311nam2-2200397li-450 001 990000225790203316 005 20180312154859.0 010 $a0-444-70328-4 035 $a0022579 035 $aUSA010022579 035 $a(ALEPH)000022579USA01 035 $a0022579 100 $a20001109d1987----km-y0itay0103----ba 101 0 $aeng 102 $aNE 200 1 $aCombinatorial design theory$fedited by Charles J. Colbourn, Rudolf Mathon 210 $aAmsterdam [etc.]$cNorth-Holland$d1987 215 $aXII, 470 p.$cill.$d24 cm 225 2 $aNorth-Holland mathematics studies.Annals of discrete mathematics$v34 300 $anumero 149 della serie principale 410 0$10010022580$12001$aNorth-Holland mathematics studies.Annals of discrete mathematics 610 1 $aanalisi combinatoria 676 $a5116$9Analisi combinatoria 702 1$aColbourn,$bCharles J. 702 1$aMathon,$bRudolf 801 $aSistema bibliotecario di Ateneo dell' Università di Salerno$gRICA 912 $a990000225790203316 951 $a510 ADM (34)$b0030617 959 $aBK 969 $aSCI 979 $c19900410 979 $c20001110$lUSA01$h1714 979 $c20020403$lUSA01$h1630 979 $aPATRY$b90$c20040406$lUSA01$h1616 996 $aCombinatorial design theory$9343947 997 $aUNISA LEADER 01218nam--2200409---450- 001 990001220880203316 005 20060706111957.0 035 $a000122088 035 $aUSA01000122088 035 $a(ALEPH)000122088USA01 035 $a000122088 100 $a20031027d1965----km-y0itay0103----ba 101 0 $aeng 102 $aUS$aGB 105 $a||||||||001yy 200 1 $aGeoge Eliot$fWalter Allen 210 $aNew York$cMcMillan$aLondon$bCollier$d1965 215 $a192 p.$d22 cm 225 2 $aMasters of world literature 410 0$12001$aMasters of world literature 454 1$12001 461 1$1001-------$12001 700 1$aALLEN,$bWalter$0163676 801 0$aIT$bsalbc$gISBD 912 $a990001220880203316 951 $aVII.3.A. 290a(II i C 362)$b22336 L.M.$cII 951 $aVII.3.B. 1779(R I C 9)$bL.M.$cRi 959 $aBK 969 $aUMA 979 $aSIAV5$b10$c20031027$lUSA01$h1143 979 $aSIAV5$b10$c20031027$lUSA01$h1148 979 $aPATRY$b90$c20040406$lUSA01$h1727 979 $aCOPAT5$b90$c20050517$lUSA01$h1147 979 $aCOPAT5$b90$c20050712$lUSA01$h1101 979 $aCOPAT5$b90$c20060706$lUSA01$h1119 996 $aGeoge Eliot$9984898 997 $aUNISA